[Event "Poznan Chess Festival"]
[Site "chess24.com"]
[Date "2021.08.20"]
[Round "7"]
[White "Hoffmann, Piotr"]
[Black "Kierska, Pola"]
[Result "1-0"]
[Board "27"]
[WhiteElo "1579"]
[WhiteCountry "POL"]
[WhiteFideId "1134540"]
[WhiteEloChange "2"]
[BlackElo "1107"]
[BlackCountry "POL"]
[BlackFideId "21854262"]
[BlackEloChange "-2"]

1. Nc3 {[%clk 1:30:30]} d5 {[%clk 1:30:30]} 2. e3 {[%clk 1:30:30]} Nf6 {[%clk
1:30:30]} 3. d4 {[%clk 1:30:30]} e6 {[%clk 1:30:30]} 4. Nf3 {[%clk 1:30:30]} c5
{[%clk 1:30:30]} 5. Bb5+ {[%clk 1:30:30]} Bd7 {[%clk 1:30:30]} 6. Qe2 {[%clk
1:30:30]} a6 {[%clk 1:30:30]} 7. Bxd7+ {[%clk 1:30:30]} Nbxd7 {[%clk 1:30:30]} 8.
O-O {[%clk 1:30:30]} Be7 {[%clk 1:30:30]} 9. Re1 {[%clk 1:30:30]} O-O {[%clk
1:30:30]} 10. h3 {[%clk 1:30:30]} Rc8 {[%clk 1:30:30]} 11. Rd1 {[%clk 1:30:30]}
c4 {[%clk 1:30:30]} 12. e4 {[%clk 1:30:30]} Nb6 {[%clk 1:30:30]} 13. a3 {[%clk
1:30:30]} Re8 {[%clk 1:30:30]} 14. e5 {[%clk 1:30:30]} Nfd7 {[%clk 1:30:30]} 15.
Nh2 {[%clk 1:30:30]} f6 {[%clk 1:30:30]} 16. f4 {[%clk 1:30:30]} f5 {[%clk
1:30:30]} 17. Nf1 {[%clk 1:30:30]} g6 {[%clk 1:30:30]} 18. Ne3 {[%clk 1:30:30]}
Bf8 {[%clk 1:30:30]} 19. g3 {[%clk 1:30:30]} h5 {[%clk 1:30:30]} 20. Qg2 {[%clk
1:30:30]} Qe7 {[%clk 1:30:30]} 21. g4 {[%clk 1:30:30]} Qg7 {[%clk 1:30:30]} 22.
Kf2 {[%clk 1:30:30]} Kf7 {[%clk 1:30:30]} 23. Rg1 {[%clk 1:30:30]} Na8 {[%clk
1:30:30]} 24. Qf3 {[%clk 1:30:30]} hxg4 {[%clk 1:30:30]} 25. hxg4 {[%clk
1:30:30]} Qh6 {[%clk 1:30:30]} 26. Rh1 {[%clk 1:30:30]} Qg7 {[%clk 1:30:30]} 27.
Bd2 {[%clk 1:30:30]} Be7 {[%clk 1:30:30]} 28. Rag1 {[%clk 1:30:30]} Rh8 {[%clk
1:30:30]} 29. gxf5 {[%clk 1:30:30]} exf5 {[%clk 1:30:30]} 30. Qxd5+ {[%clk
1:30:30]} Ke8 {[%clk 1:30:30]} 31. Rxh8+ {[%clk 1:30:30]} Qxh8 {[%clk 1:30:30]}
32. Rh1 {[%clk 1:30:30]} Qg7 {[%clk 1:30:30]} 33. Nxc4 {[%clk 1:30:30]} b5 {[%clk
1:30:30]} 34. Nd6+ {[%clk 1:30:30]} Bxd6 {[%clk 1:30:30]} 35. exd6 {[%clk
1:30:30]} Nab6 {[%clk 1:30:30]} 36. Qe6+ {[%clk 1:30:30]} Kf8 {[%clk 1:30:30]}
37. Qe7+ {[%clk 1:30:30]} Qxe7 {[%clk 1:30:30]} 38. dxe7+ {[%clk 1:30:30]} Kxe7
{[%clk 1:30:30]} 39. b3 {[%clk 1:30:30]} Nf6 {[%clk 1:30:30]} 40. Ke2 {[%clk
1:30:30]} Nbd5 {[%clk 1:30:30]} 41. Nxd5+ {[%clk 1:30:30]} Nxd5 {[%clk 1:30:30]}
42. Kd3 {[%clk 1:30:30]} a5 {[%clk 1:30:30]} 43. c4 {[%clk 1:30:30]} bxc4+ {[%clk
1:30:30]} 44. bxc4 {[%clk 1:30:30]} Nb6 {[%clk 1:30:30]} 45. c5 {[%clk 1:30:30]}
Nd5 {[%clk 1:30:30]} 46. Rh7+ {[%clk 1:30:30]} Kf6 {[%clk 1:30:30]} 47. Ra7
{[%clk 1:30:30]} Nxf4+ {[%clk 1:30:30]} 48. Bxf4 {[%clk 1:30:30]} g5 {[%clk
1:30:30]} 49. Ra6+ {[%clk 1:30:30]} Kf7 {[%clk 1:30:30]} 50. Bxg5 {[%clk
1:30:30]} 1-0

[Event "Poznan Chess Festival"]
[Site "chess24.com"]
[Date "2021.08.20"]
[Round "7"]
[White "Czarnolewski, Piotr"]
[Black "Skrzypczak, Jan"]
[Result "0-1"]
[Board "28"]
[WhiteElo "1562"]
[WhiteCountry "POL"]
[WhiteFideId "1133489"]
[WhiteEloChange "-18"]
[BlackElo "1192"]
[BlackCountry "POL"]
[BlackFideId "21019630"]
[BlackEloChange "18"]

1. e4 {[%clk 1:30:30]} e5 {[%clk 1:30:30]} 2. Nf3 {[%clk 1:30:30]} Nc6 {[%clk
1:30:30]} 3. Bb5 {[%clk 1:30:30]} a6 {[%clk 1:30:30]} 4. Bxc6 {[%clk 1:30:30]}
dxc6 {[%clk 1:30:30]} 5. O-O {[%clk 1:30:30]} Bg4 {[%clk 1:30:30]} 6. h3 {[%clk
1:30:30]} h5 {[%clk 1:30:30]} 7. d3 {[%clk 1:30:30]} Bc5 {[%clk 1:30:30]} 8. Nbd2
{[%clk 1:30:30]} Bxf3 {[%clk 1:30:30]} 9. Nxf3 {[%clk 1:30:30]} f6 {[%clk
1:30:30]} 10. Qe2 {[%clk 1:30:30]} Qd7 {[%clk 1:30:30]} 11. Be3 {[%clk 1:30:30]}
Bxe3 {[%clk 1:30:30]} 12. Qxe3 {[%clk 1:30:30]} g5 {[%clk 1:30:30]} 13. Nd2
{[%clk 1:30:30]} Ne7 {[%clk 1:30:30]} 14. c3 {[%clk 1:30:30]} Ng6 {[%clk
1:30:30]} 15. d4 {[%clk 1:30:30]} O-O-O {[%clk 1:30:30]} 16. Nb3 {[%clk 1:30:30]}
Kb8 {[%clk 1:30:30]} 17. Qf3 {[%clk 1:30:30]} Nf4 {[%clk 1:30:30]} 18. Qe3 {[%clk
1:30:30]} Qg7 {[%clk 1:30:30]} 19. Kh2 {[%clk 1:30:30]} h4 {[%clk 1:30:30]} 20.
Nc5 {[%clk 1:30:30]} g4 {[%clk 1:30:30]} 21. Rg1 {[%clk 1:30:30]} g3+ {[%clk
1:30:30]} 22. Kh1 {[%clk 1:30:30]} Rdg8 {[%clk 1:30:30]} 23. Qf3 {[%clk 1:30:30]}
b6 {[%clk 1:30:30]} 24. Nxa6+ {[%clk 1:30:30]} Kb7 {[%clk 1:30:30]} 25. Nb4
{[%clk 1:30:30]} Qd7 {[%clk 1:30:30]} 26. Nd3 {[%clk 1:30:30]} Nxd3 {[%clk
1:30:30]} 27. Qxd3 {[%clk 1:30:30]} gxf2 {[%clk 1:30:30]} 28. Rgf1 {[%clk
1:30:30]} Rg3 {[%clk 1:30:30]} 29. Qc4 {[%clk 1:30:30]} Rxh3+ {[%clk 1:30:30]}
0-1

[Event "Poznan Chess Festival"]
[Site "chess24.com"]
[Date "2021.08.20"]
[Round "7"]
[White "Korzystka, Wiktor"]
[Black "Zimochocki, Roman"]
[Result "0-1"]
[Board "29"]
[WhiteElo "1303"]
[WhiteCountry "POL"]
[WhiteFideId "21842787"]
[WhiteEloChange "-5"]
[BlackElo "1491"]
[BlackCountry "POL"]
[BlackFideId "1131290"]
[BlackEloChange "5"]

1. Nf3 {[%clk 1:30:30]} c6 {[%clk 1:30:30]} 2. g3 {[%clk 1:30:30]} d5 {[%clk
1:30:30]} 3. d4 {[%clk 1:30:30]} Bg4 {[%clk 1:30:30]} 4. Bg2 {[%clk 1:30:30]} Nd7
{[%clk 1:30:30]} 5. h3 {[%clk 1:30:30]} Bh5 {[%clk 1:30:30]} 6. O-O {[%clk
1:30:30]} e6 {[%clk 1:30:30]} 7. Bf4 {[%clk 1:30:30]} Ngf6 {[%clk 1:30:30]} 8.
Nbd2 {[%clk 1:30:30]} Be7 {[%clk 1:30:30]} 9. Re1 {[%clk 1:30:30]} O-O {[%clk
1:30:30]} 10. e4 {[%clk 1:30:30]} dxe4 {[%clk 1:30:30]} 11. Nxe4 {[%clk 1:30:30]}
Nxe4 {[%clk 1:30:30]} 12. Rxe4 {[%clk 1:30:30]} Nf6 {[%clk 1:30:30]} 13. Re3
{[%clk 1:30:30]} Nd5 {[%clk 1:30:30]} 14. Re4 {[%clk 1:30:30]} Bg6 {[%clk
1:30:30]} 15. Re1 {[%clk 1:30:30]} Nxf4 {[%clk 1:30:30]} 16. gxf4 {[%clk
1:30:30]} Qc7 {[%clk 1:30:30]} 17. Ne5 {[%clk 1:30:30]} Bf5 {[%clk 1:30:30]} 18.
Qd2 {[%clk 1:30:30]} Rad8 {[%clk 1:30:30]} 19. c3 {[%clk 1:30:30]} Bd6 {[%clk
1:30:30]} 20. Be4 {[%clk 1:30:30]} f6 {[%clk 1:30:30]} 21. Bxf5 {[%clk 1:30:30]}
exf5 {[%clk 1:30:30]} 22. Nd3 {[%clk 1:30:30]} Rfe8 {[%clk 1:30:30]} 23. Kf1
{[%clk 1:30:30]} c5 {[%clk 1:30:30]} 24. Rxe8+ {[%clk 1:30:30]} Rxe8 {[%clk
1:30:30]} 25. Nxc5 {[%clk 1:30:30]} Qc6 {[%clk 1:30:30]} 26. Kg1 {[%clk 1:30:30]}
b6 {[%clk 1:30:30]} 27. Nd3 {[%clk 1:30:30]} Qf3 {[%clk 1:30:30]} 28. Re1 {[%clk
1:30:30]} Re4 {[%clk 1:30:30]} 29. Re3 {[%clk 1:30:30]} Qh5 {[%clk 1:30:30]} 30.
Rg3 {[%clk 1:30:30]} h6 {[%clk 1:30:30]} 31. f3 {[%clk 1:30:30]} Re7 {[%clk
1:30:30]} 32. a3 {[%clk 1:30:30]} Qh4 {[%clk 1:30:30]} 33. Qf2 {[%clk 1:30:30]}
Kh8 {[%clk 1:30:30]} 34. Rg2 {[%clk 1:30:30]} Qh5 {[%clk 1:30:30]} 35. c4 {[%clk
1:30:30]} Qf7 {[%clk 1:30:30]} 36. c5 {[%clk 1:30:30]} Bc7 {[%clk 1:30:30]} 37.
Qc2 {[%clk 1:30:30]} Qd5 {[%clk 1:30:30]} 38. cxb6 {[%clk 1:30:30]} Bxb6 {[%clk
1:30:30]} 39. Qc8+ {[%clk 1:30:30]} Kh7 {[%clk 1:30:30]} 40. Qf8 {[%clk 1:30:30]}
Qxd4+ {[%clk 1:30:30]} 41. Kh2 {[%clk 1:30:30]} Rd7 {[%clk 1:30:30]} 42. Qe8
{[%clk 1:30:30]} g5 {[%clk 1:30:30]} 43. fxg5 {[%clk 1:30:30]} fxg5 {[%clk
1:30:30]} 44. Ne5 {[%clk 1:30:30]} Qf4+ {[%clk 1:30:30]} 45. Rg3 {[%clk 1:30:30]}
Rd2+ {[%clk 1:30:30]} 46. Kh1 {[%clk 1:30:30]} Rd1+ {[%clk 1:30:30]} 47. Kh2
{[%clk 1:30:30]} Bg1+ {[%clk 1:30:30]} 48. Kg2 {[%clk 1:30:30]} Qd2+ {[%clk
1:30:30]} 49. Kh1 {[%clk 1:30:30]} Qh2# {[%clk 1:30:30]} 0-1

[Event "Poznan Chess Festival"]
[Site "chess24.com"]
[Date "2021.08.20"]
[Round "7"]
[White "Wojciechowski, Mateusz"]
[Black "Rusinski, Mateusz"]
[Result "0-1"]
[Board "32"]
[WhiteElo "1171"]
[WhiteCountry "POL"]
[WhiteFideId "21081050"]
[WhiteEloChange "-2"]
[BlackElo "1798"]
[BlackCountry "POL"]
[BlackFideId "1144251"]
[BlackEloChange "2"]

1. e4 {[%clk 1:30:30]} e5 {[%clk 1:30:30]} 2. Nf3 {[%clk 1:30:30]} Nc6 {[%clk
1:30:30]} 3. Bc4 {[%clk 1:30:30]} Bc5 {[%clk 1:30:30]} 4. c3 {[%clk 1:30:30]} Nf6
{[%clk 1:30:30]} 5. d4 {[%clk 1:30:30]} exd4 {[%clk 1:30:30]} 6. cxd4 {[%clk
1:30:30]} Bb4+ {[%clk 1:30:30]} 7. Bd2 {[%clk 1:30:30]} Bxd2+ {[%clk 1:30:30]} 8.
Nbxd2 {[%clk 1:30:30]} d5 {[%clk 1:30:30]} 9. exd5 {[%clk 1:30:30]} Nxd5 {[%clk
1:30:30]} 10. Qb3 {[%clk 1:30:30]} Nce7 {[%clk 1:30:30]} 11. O-O {[%clk 1:30:30]}
O-O {[%clk 1:30:30]} 12. Rfe1 {[%clk 1:30:30]} c6 {[%clk 1:30:30]} 13. Rac1
{[%clk 1:30:30]} Qb6 {[%clk 1:30:30]} 14. h3 {[%clk 1:30:30]} Qxb3 {[%clk
1:30:30]} 15. Bxb3 {[%clk 1:30:30]} Be6 {[%clk 1:30:30]} 16. Ne4 {[%clk 1:30:30]}
Rad8 {[%clk 1:30:30]} 17. Nc5 {[%clk 1:30:30]} Bc8 {[%clk 1:30:30]} 18. a4 {[%clk
1:30:30]} Ng6 {[%clk 1:30:30]} 19. a5 {[%clk 1:30:30]} Ngf4 {[%clk 1:30:30]} 20.
Bc4 {[%clk 1:30:30]} a6 {[%clk 1:30:30]} 21. Rcd1 {[%clk 1:30:30]} h6 {[%clk
1:30:30]} 22. Ne5 {[%clk 1:30:30]} Rfe8 {[%clk 1:30:30]} 23. Ned3 {[%clk
1:30:30]} Nxd3 {[%clk 1:30:30]} 24. Rxe8+ {[%clk 1:30:30]} Rxe8 {[%clk 1:30:30]}
25. Nxd3 {[%clk 1:30:30]} Nf6 {[%clk 1:30:30]} 26. Ne5 {[%clk 1:30:30]} Be6
{[%clk 1:30:30]} 27. Bxe6 {[%clk 1:30:30]} Rxe6 {[%clk 1:30:30]} 28. Nc4 {[%clk
1:30:30]} Re2 {[%clk 1:30:30]} 29. Rd2 {[%clk 1:30:30]} Re1+ {[%clk 1:30:30]} 30.
Kh2 {[%clk 1:30:30]} Ne4 {[%clk 1:30:30]} 31. Rc2 {[%clk 1:30:30]} Kf8 {[%clk
1:30:30]} 32. f3 {[%clk 1:30:30]} Nf6 {[%clk 1:30:30]} 33. Nd6 {[%clk 1:30:30]}
Re7 {[%clk 1:30:30]} 34. Rd2 {[%clk 1:30:30]} Rd7 {[%clk 1:30:30]} 35. Ne4 {[%clk
1:30:30]} Ke7 {[%clk 1:30:30]} 36. Nxf6 {[%clk 1:30:30]} Kxf6 {[%clk 1:30:30]}
37. Rd3 {[%clk 1:30:30]} Rd5 {[%clk 1:30:30]} 38. Rb3 {[%clk 1:30:30]} Rb5 {[%clk
1:30:30]} 39. Rxb5 {[%clk 1:30:30]} axb5 {[%clk 1:30:30]} 40. Kg3 {[%clk
1:30:30]} Ke6 {[%clk 1:30:30]} 41. Kf4 {[%clk 1:30:30]} Kd5 {[%clk 1:30:30]} 42.
Ke3 {[%clk 1:30:30]} Kc4 {[%clk 1:30:30]} 43. Ke4 {[%clk 1:30:30]} Kb3 {[%clk
1:30:30]} 44. Ke5 {[%clk 1:30:30]} Kxb2 {[%clk 1:30:30]} 45. Kd6 {[%clk 1:30:30]}
Kc3 {[%clk 1:30:30]} 46. Kc7 {[%clk 1:30:30]} b4 {[%clk 1:30:30]} 47. Kxb7 {[%clk
1:30:30]} b3 {[%clk 1:30:30]} 48. a6 {[%clk 1:30:30]} b2 {[%clk 1:30:30]} 49. a7
{[%clk 1:30:30]} b1=Q+ {[%clk 1:30:30]} 0-1

[Event "Poznan Chess Festival"]
[Site "chess24.com"]
[Date "2021.08.20"]
[Round "7"]
[White "Litke, Slawomir"]
[Black "Lakowski, Filip"]
[Result "1/2-1/2"]
[Board "33"]
[WhiteElo "1623"]
[WhiteCountry "POL"]
[WhiteFideId "21882282"]
[WhiteEloChange "-8"]
[BlackElo "1196"]
[BlackCountry "POL"]
[BlackFideId "21826420"]
[BlackEloChange "8"]

1. e4 {[%clk 1:30:30]} g6 {[%clk 1:30:30]} 2. d4 {[%clk 1:30:30]} Bg7 {[%clk
1:30:30]} 3. Nc3 {[%clk 1:30:30]} d6 {[%clk 1:30:30]} 4. Be2 {[%clk 1:30:30]} a6
{[%clk 1:30:30]} 5. h4 {[%clk 1:30:30]} h5 {[%clk 1:30:30]} 6. Nf3 {[%clk
1:30:30]} b5 {[%clk 1:30:30]} 7. a3 {[%clk 1:30:30]} Bb7 {[%clk 1:30:30]} 8. Be3
{[%clk 1:30:30]} Nd7 {[%clk 1:30:30]} 9. Qd2 {[%clk 1:30:30]} c5 {[%clk 1:30:30]}
10. d5 {[%clk 1:30:30]} Ngf6 {[%clk 1:30:30]} 11. Ng5 {[%clk 1:30:30]} Qc7 {[%clk
1:30:30]} 12. f3 {[%clk 1:30:30]} Ne5 {[%clk 1:30:30]} 13. Bf4 {[%clk 1:30:30]}
Nfd7 {[%clk 1:30:30]} 14. g4 {[%clk 1:30:30]} hxg4 {[%clk 1:30:30]} 15. fxg4
{[%clk 1:30:30]} Nb6 {[%clk 1:30:30]} 16. Bxe5 {[%clk 1:30:30]} Bxe5 {[%clk
1:30:30]} 17. O-O-O {[%clk 1:30:30]} b4 {[%clk 1:30:30]} 18. Nb1 {[%clk 1:30:30]}
Na4 {[%clk 1:30:30]} 19. c3 {[%clk 1:30:30]} bxc3 {[%clk 1:30:30]} 20. Nxc3
{[%clk 1:30:30]} Nxc3 {[%clk 1:30:30]} 21. bxc3 {[%clk 1:30:30]} Qa5 {[%clk
1:30:30]} 22. Qb2 {[%clk 1:30:30]} Qxc3+ {[%clk 1:30:30]} 23. Qxc3 {[%clk
1:30:30]} Bxc3 {[%clk 1:30:30]} 24. Kc2 {[%clk 1:30:30]} Bf6 {[%clk 1:30:30]} 25.
Rb1 {[%clk 1:30:30]} Bxg5 {[%clk 1:30:30]} 26. hxg5 {[%clk 1:30:30]} Rxh1 {[%clk
1:30:30]} 27. Rxh1 {[%clk 1:30:30]} Kd7 {[%clk 1:30:30]} 28. Rh7 {[%clk 1:30:30]}
Rf8 {[%clk 1:30:30]} 29. Rg7 {[%clk 1:30:30]} e6 {[%clk 1:30:30]} 30. Bc4 {[%clk
1:30:30]} e5 {[%clk 1:30:30]} 31. Kb3 {[%clk 1:30:30]} Ke7 {[%clk 1:30:30]} 32.
Rh7 {[%clk 1:30:30]} Rb8 {[%clk 1:30:30]} 33. Kc2 {[%clk 1:30:30]} 1/2-1/2

[Event "Poznan Chess Festival"]
[Site "chess24.com"]
[Date "2021.08.20"]
[Round "7"]
[White "Nawrocki, Michal"]
[Black "Zakrzewski, Bartosz"]
[Result "1/2-1/2"]
[Board "34"]
[WhiteElo "1165"]
[WhiteCountry "POL"]
[WhiteFideId "21097933"]
[WhiteEloChange "8"]
[BlackElo "1578"]
[BlackCountry "POL"]
[BlackFideId "1176196"]
[BlackEloChange "-8"]

1. e4 {[%clk 1:30:30]} c5 {[%clk 1:30:30]} 2. Nf3 {[%clk 1:30:30]} e6 {[%clk
1:30:30]} 3. d4 {[%clk 1:30:30]} cxd4 {[%clk 1:30:30]} 4. Nxd4 {[%clk 1:30:30]}
Nc6 {[%clk 1:30:30]} 5. Nc3 {[%clk 1:30:30]} Qc7 {[%clk 1:30:30]} 6. Ndb5 {[%clk
1:30:30]} Qb8 {[%clk 1:30:30]} 7. a3 {[%clk 1:30:30]} a6 {[%clk 1:30:30]} 8. Nd4
{[%clk 1:30:30]} Nf6 {[%clk 1:30:30]} 9. Be2 {[%clk 1:30:30]} Be7 {[%clk
1:30:30]} 10. O-O {[%clk 1:30:30]} O-O {[%clk 1:30:30]} 11. Be3 {[%clk 1:30:30]}
b5 {[%clk 1:30:30]} 12. Kh1 {[%clk 1:30:30]} Bb7 {[%clk 1:30:30]} 13. f3 {[%clk
1:30:30]} Rd8 {[%clk 1:30:30]} 14. Qe1 {[%clk 1:30:30]} d5 {[%clk 1:30:30]} 15.
Nxc6 {[%clk 1:30:30]} Bxc6 {[%clk 1:30:30]} 16. exd5 {[%clk 1:30:30]} Nxd5 {[%clk
1:30:30]} 17. Nxd5 {[%clk 1:30:30]} Bxd5 {[%clk 1:30:30]} 18. Qf2 {[%clk
1:30:30]} Bf6 {[%clk 1:30:30]} 19. Rab1 {[%clk 1:30:30]} a5 {[%clk 1:30:30]} 20.
b3 {[%clk 1:30:30]} b4 {[%clk 1:30:30]} 21. a4 {[%clk 1:30:30]} Bc3 {[%clk
1:30:30]} 22. Bd3 {[%clk 1:30:30]} Qe5 {[%clk 1:30:30]} 23. Bb6 {[%clk 1:30:30]}
Rdc8 {[%clk 1:30:30]} 24. Be3 {[%clk 1:30:30]} Bb7 {[%clk 1:30:30]} 25. Bd2
{[%clk 1:30:30]} Bd4 {[%clk 1:30:30]} 26. Qe1 {[%clk 1:30:30]} Ba6 {[%clk
1:30:30]} 27. Qxe5 {[%clk 1:30:30]} Bxe5 {[%clk 1:30:30]} 28. f4 {[%clk 1:30:30]}
Bd4 {[%clk 1:30:30]} 29. Rf3 {[%clk 1:30:30]} Bb7 {[%clk 1:30:30]} 30. Rh3 {[%clk
1:30:30]} h6 {[%clk 1:30:30]} 31. f5 {[%clk 1:30:30]} e5 {[%clk 1:30:30]} 32. f6
{[%clk 1:30:30]} e4 {[%clk 1:30:30]} 33. Bc4 {[%clk 1:30:30]} Bxf6 {[%clk
1:30:30]} 34. Be3 {[%clk 1:30:30]} Bc6 {[%clk 1:30:30]} 35. Rf1 {[%clk 1:30:30]}
Bd7 {[%clk 1:30:30]} 36. Rg3 {[%clk 1:30:30]} Rxc4 {[%clk 1:30:30]} 37. bxc4
{[%clk 1:30:30]} Bh4 {[%clk 1:30:30]} 38. Rh3 {[%clk 1:30:30]} Bxh3 {[%clk
1:30:30]} 39. gxh3 {[%clk 1:30:30]} Rc8 {[%clk 1:30:30]} 40. c5 {[%clk 1:30:30]}
Bg5 {[%clk 1:30:30]} 41. Bd4 {[%clk 1:30:30]} g6 {[%clk 1:30:30]} 42. h4 {[%clk
1:30:30]} Bd2 {[%clk 1:30:30]} 43. Rf2 {[%clk 1:30:30]} e3 {[%clk 1:30:30]} 44.
Re2 {[%clk 1:30:30]} f5 {[%clk 1:30:30]} 45. Kg2 {[%clk 1:30:30]} Kf7 {[%clk
1:30:30]} 46. Kf3 {[%clk 1:30:30]} g5 {[%clk 1:30:30]} 47. hxg5 {[%clk 1:30:30]}
hxg5 {[%clk 1:30:30]} 48. h4 {[%clk 1:30:30]} gxh4 {[%clk 1:30:30]} 49. Kf4
{[%clk 1:30:30]} Ke6 {[%clk 1:30:30]} 50. Bxe3 {[%clk 1:30:30]} Bxe3+ {[%clk
1:30:30]} 51. Rxe3+ {[%clk 1:30:30]} Kd5 {[%clk 1:30:30]} 52. Re5+ {[%clk
1:30:30]} Kc4 {[%clk 1:30:30]} 53. c6 {[%clk 1:30:30]} Rg8 {[%clk 1:30:30]} 54.
Rxa5 {[%clk 1:30:30]} h3 {[%clk 1:30:30]} 55. Ra7 {[%clk 1:30:30]} Rh8 {[%clk
1:30:30]} 56. c7 {[%clk 1:30:30]} h2 {[%clk 1:30:30]} 57. c8=Q+ {[%clk 1:30:30]}
Rxc8 {[%clk 1:30:30]} 58. Rh7 {[%clk 1:30:30]} Ra8 {[%clk 1:30:30]} 59. Rc7+
{[%clk 1:30:30]} Kd4 {[%clk 1:30:30]} 60. Rh7 {[%clk 1:30:30]} h1=Q {[%clk
1:30:30]} 61. Rxh1 {[%clk 1:30:30]} Rxa4 {[%clk 1:30:30]} 62. Rh8 {[%clk
1:30:30]} Ra5 {[%clk 1:30:30]} 63. Rd8+ {[%clk 1:30:30]} Kc4 {[%clk 1:30:30]} 64.
Rd3 {[%clk 1:30:30]} Ra2 {[%clk 1:30:30]} 65. Rd8 {[%clk 1:30:30]} Rxc2 {[%clk
1:30:30]} 66. Kxf5 {[%clk 1:30:30]} b3 {[%clk 1:30:30]} 67. Ke4 {[%clk 1:30:30]}
Kc3 {[%clk 1:30:30]} 68. Ke3 {[%clk 1:30:30]} Kb2 {[%clk 1:30:30]} 69. Rb8 {[%clk
1:30:30]} Ka2 {[%clk 1:30:30]} 70. Kd3 {[%clk 1:30:30]} Rc6 {[%clk 1:30:30]} 71.
Kd2 {[%clk 1:30:30]} Kb2 {[%clk 1:30:30]} 72. Kd3 {[%clk 1:30:30]} Rc7 {[%clk
1:30:30]} 73. Kd2 {[%clk 1:30:30]} Rd7+ {[%clk 1:30:30]} 74. Ke3 {[%clk 1:30:30]}
Kc1 {[%clk 1:30:30]} 75. Rxb3 {[%clk 1:30:30]} 1/2-1/2

[Event "Poznan Chess Festival"]
[Site "chess24.com"]
[Date "2021.08.20"]
[Round "7"]
[White "Skrzypczak, Jakub"]
[Black "Czyzewski, Leon"]
[Result "0-1"]
[Board "36"]
[WhiteElo "1350"]
[WhiteCountry "POL"]
[WhiteFideId "1148079"]
[WhiteEloChange "-16"]
[BlackElo "1086"]
[BlackCountry "POL"]
[BlackFideId "21007314"]
[BlackEloChange "16"]

1. e4 {[%clk 1:30:30]} c5 {[%clk 1:30:30]} 2. c3 {[%clk 1:30:30]} g6 {[%clk
1:30:30]} 3. d4 {[%clk 1:30:30]} cxd4 {[%clk 1:30:30]} 4. cxd4 {[%clk 1:30:30]}
Bg7 {[%clk 1:30:30]} 5. Nf3 {[%clk 1:30:30]} e6 {[%clk 1:30:30]} 6. Nc3 {[%clk
1:30:30]} a6 {[%clk 1:30:30]} 7. Bd3 {[%clk 1:30:30]} Nc6 {[%clk 1:30:30]} 8. Be3
{[%clk 1:30:30]} Nge7 {[%clk 1:30:30]} 9. O-O {[%clk 1:30:30]} O-O {[%clk
1:30:30]} 10. Qd2 {[%clk 1:30:30]} Re8 {[%clk 1:30:30]} 11. Be2 {[%clk 1:30:30]}
f5 {[%clk 1:30:30]} 12. Bg5 {[%clk 1:30:30]} Qb6 {[%clk 1:30:30]} 13. Rfd1 {[%clk
1:30:30]} fxe4 {[%clk 1:30:30]} 14. Nxe4 {[%clk 1:30:30]} Nf5 {[%clk 1:30:30]}
15. Nf6+ {[%clk 1:30:30]} Bxf6 {[%clk 1:30:30]} 16. Bxf6 {[%clk 1:30:30]} Rf8
{[%clk 1:30:30]} 17. Qg5 {[%clk 1:30:30]} Qxb2 {[%clk 1:30:30]} 18. Bd3 {[%clk
1:30:30]} Ncxd4 {[%clk 1:30:30]} 19. Ne5 {[%clk 1:30:30]} Nc6 {[%clk 1:30:30]}
20. Nxd7 {[%clk 1:30:30]} Rxf6 {[%clk 1:30:30]} 21. Nxf6+ {[%clk 1:30:30]} Kg7
{[%clk 1:30:30]} 22. Nh5+ {[%clk 1:30:30]} Kf7 {[%clk 1:30:30]} 23. Bxf5 {[%clk
1:30:30]} exf5 {[%clk 1:30:30]} 24. Rdb1 {[%clk 1:30:30]} Qc3 {[%clk 1:30:30]}
25. Rb3 {[%clk 1:30:30]} Qe5 {[%clk 1:30:30]} 26. Re3 {[%clk 1:30:30]} Qb2 {[%clk
1:30:30]} 27. Qh6 {[%clk 1:30:30]} gxh5 {[%clk 1:30:30]} 28. Qxh5+ {[%clk
1:30:30]} Kf8 {[%clk 1:30:30]} 29. Qh6+ {[%clk 1:30:30]} Kg8 {[%clk 1:30:30]} 30.
Re8+ {[%clk 1:30:30]} Kf7 {[%clk 1:30:30]} 31. Qxh7+ {[%clk 1:30:30]} Qg7 {[%clk
1:30:30]} 32. Qxg7+ {[%clk 1:30:30]} Kxg7 {[%clk 1:30:30]} 33. f4 {[%clk
1:30:30]} Kf7 {[%clk 1:30:30]} 34. Rae1 {[%clk 1:30:30]} b5 {[%clk 1:30:30]} 35.
Kf2 {[%clk 1:30:30]} 0-1

[Event "Poznan Chess Festival"]
[Site "chess24.com"]
[Date "2021.08.20"]
[Round "7"]
[White "Podobinski, Piotr"]
[Black "Wojciechowski, Szymon"]
[Result "1/2-1/2"]
[Board "38"]
[WhiteElo "1130"]
[WhiteCountry "POL"]
[WhiteFideId "21063141"]
[WhiteEloChange "2"]
[BlackElo "1207"]
[BlackCountry "POL"]
[BlackFideId "21055505"]
[BlackEloChange "-2"]

1. Nf3 {[%clk 1:30:30]} c5 {[%clk 1:30:30]} 2. g3 {[%clk 1:30:30]} d5 {[%clk
1:30:30]} 3. Bg2 {[%clk 1:30:30]} Nf6 {[%clk 1:30:30]} 4. d3 {[%clk 1:30:30]} Bf5
{[%clk 1:30:30]} 5. O-O {[%clk 1:30:30]} e6 {[%clk 1:30:30]} 6. Re1 {[%clk
1:30:30]} Be7 {[%clk 1:30:30]} 7. Nbd2 {[%clk 1:30:30]} O-O {[%clk 1:30:30]} 8.
h3 {[%clk 1:30:30]} Nc6 {[%clk 1:30:30]} 9. Nh4 {[%clk 1:30:30]} Bg6 {[%clk
1:30:30]} 10. Nxg6 {[%clk 1:30:30]} fxg6 {[%clk 1:30:30]} 11. e4 {[%clk 1:30:30]}
Qb6 {[%clk 1:30:30]} 12. c3 {[%clk 1:30:30]} Ne5 {[%clk 1:30:30]} 13. exd5 {[%clk
1:30:30]} Bd6 {[%clk 1:30:30]} 14. Nc4 {[%clk 1:30:30]} Nxc4 {[%clk 1:30:30]} 15.
dxc4 {[%clk 1:30:30]} exd5 {[%clk 1:30:30]} 16. cxd5 {[%clk 1:30:30]} c4 {[%clk
1:30:30]} 17. Be3 {[%clk 1:30:30]} Qxb2 {[%clk 1:30:30]} 18. Re2 {[%clk 1:30:30]}
Qa3 {[%clk 1:30:30]} 19. Qc2 {[%clk 1:30:30]} a6 {[%clk 1:30:30]} 20. Bd4 {[%clk
1:30:30]} Rad8 {[%clk 1:30:30]} 21. Qb2 {[%clk 1:30:30]} Qxb2 {[%clk 1:30:30]}
22. Rxb2 {[%clk 1:30:30]} b5 {[%clk 1:30:30]} 23. a4 {[%clk 1:30:30]} Rb8 {[%clk
1:30:30]} 24. axb5 {[%clk 1:30:30]} axb5 {[%clk 1:30:30]} 25. Rbb1 {[%clk
1:30:30]} b4 {[%clk 1:30:30]} 26. cxb4 {[%clk 1:30:30]} Rxb4 {[%clk 1:30:30]} 27.
Rc1 {[%clk 1:30:30]} Rc8 {[%clk 1:30:30]} 28. Bf1 {[%clk 1:30:30]} Nxd5 {[%clk
1:30:30]} 29. Bxc4 {[%clk 1:30:30]} Kf8 {[%clk 1:30:30]} 1/2-1/2